Premio Ig Nobel - Morte improvvisa - Statistics

Statistiche generali
  • Questo quiz è stato fatto 20 volte
  • Il punteggio medio è 2 su 30
Answers on the Grid
Answers color-coded by a green-red scale on the quiz's grid according to % correct below.
Scoperta del fatto che imprecare allevia il dolore
Invenzione di un lanciafiamme a pedali da usare mentre si guida
Studio sulla costipazione dei soldati statunitensi
Analisi degli effetti allucinogeni del veleno dei pesci palla sui delfini
Dimostrazione del fatto che il problema delle auto in divieto di sosta può essere risolto con un carro armato
Scoperta di insetti zombificati da funghi parassiti
Invenzione di un repellente elettromagnetico anti-adolescenti
Invenzione di una mitragliatrice che spara cocomeri
Studio degli effetti della birra sull’appetito delle sanguisughe
Stima del numero dei cittadini dell’Alabama che andranno all’inferno
Spiegazione del perché a molti scienziati piaccia leccare le rocce
Scoperta del fatto che le aringhe comunicano con le flatulenze
Calcolo della probabilità che Mikhail Gorbachev sia l'Anticristo
Uso di ragni morti come mano meccanica
Analisi dei comportamenti di corteggiamento degli struzzi verso esseri umani
Scoperta del perché le profezie di Malachia sui papi sono valide
Studio su come i riti vudù contro il capoufficio aiutino a sentirsi meglio
Svolgimento di test nucleari durante il 50º anniversario di Hiroshima
Calcolo della resistenza elettrica di un criceto imburrato
Invenzione della lavatrice per cani e gatti
Scoperta di una correlazione tra l’obesità dei politici e il livello di corruzione di una nazione
Studio sulle velocità ultrasoniche del formaggio cheddar
Scoperta del motivo per cui le libellule sono attratte dalle lapidi nere
Studio per determinare il sapore della carne di mammut mummificata
Invenzione di una sveglia che scappa e si nasconde
Esperimenti sull’uso di piccioni vivi per guidare un missile in volo
Studio sulle ferite da caduta di noci di cocco
Usare lo spennamento di un pollo per misurare la velocità di un tornado
Creazione di uno spray che rileva l’infedeltà dei mariti
Studio su come insegnare ai piccioni a distinguere i quadri di Picasso da quelli di Monet
Studio sul modo in cui l’estinzione dei panda gioverebbe alla biodiversità
Indagine sull’indignazione degli italiani alla vista di una pizza all’ananas
Invenzione di un reggiseno che può essere trasformato in due maschere antigas
Inefficacia della terapia elettroconvulsiva per l'avvelenamento da serpente a sonagli
Scoperta della correlazione tra le epidemie e i rapporti istituzionali tra Cina e Vaticano
Studio degli effetti della musica country sul suicidio
Studio su come l’amore non è biochimicamente distinguibile da un disturbo ossessivo compulsivo
Esperimento di levitazione magnetica di una rana viva
Studio del senso di rotazione dei vortici dello sciacquone nell’emisfero australe
Scoperta che i buchi neri hanno i requisiti tecnici per essere sede dell’inferno
 
Statistiche sulle risposte
Risposta % Corretto
Scoperta che i buchi neri hanno i requisiti tecnici per essere sede dell’inferno
40%
Scoperta del fatto che imprecare allevia il dolore
40%
Studio degli effetti della musica country sul suicidio
40%
Analisi dei comportamenti di corteggiamento degli struzzi verso esseri umani
20%
Calcolo della probabilità che Mikhail Gorbachev sia l'Anticristo
20%
Studio su come l’amore non è biochimicamente distinguibile da un disturbo ossessivo compulsivo
20%
Studio sulla costipazione dei soldati statunitensi
20%
Svolgimento di test nucleari durante il 50º anniversario di Hiroshima
20%
Creazione di uno spray che rileva l’infedeltà dei mariti
0%
Dimostrazione del fatto che il problema delle auto in divieto di sosta può essere risolto con un carro armato
0%
Esperimenti sull’uso di piccioni vivi per guidare un missile in volo
0%
Esperimento di levitazione magnetica di una rana viva
0%
Inefficacia della terapia elettroconvulsiva per l'avvelenamento da serpente a sonagli
0%
Invenzione della lavatrice per cani e gatti
0%
Invenzione di una sveglia che scappa e si nasconde
0%
Invenzione di un lanciafiamme a pedali da usare mentre si guida
0%
Invenzione di un reggiseno che può essere trasformato in due maschere antigas
0%
Invenzione di un repellente elettromagnetico anti-adolescenti
0%
Scoperta del fatto che le aringhe comunicano con le flatulenze
0%
Scoperta del motivo per cui le libellule sono attratte dalle lapidi nere
0%
Scoperta di una correlazione tra l’obesità dei politici e il livello di corruzione di una nazione
0%
Spiegazione del perché a molti scienziati piaccia leccare le rocce
0%
Stima del numero dei cittadini dell’Alabama che andranno all’inferno
0%
Studio degli effetti della birra sull’appetito delle sanguisughe
0%
Studio su come insegnare ai piccioni a distinguere i quadri di Picasso da quelli di Monet
0%
Studio su come i riti vudù contro il capoufficio aiutino a sentirsi meglio
0%
Studio sulle ferite da caduta di noci di cocco
0%
Studio sulle velocità ultrasoniche del formaggio cheddar
0%
Usare lo spennamento di un pollo per misurare la velocità di un tornado
0%
Uso di ragni morti come mano meccanica
0%
Nessun quiz corrispondente trovato
Distribuzione punteggi
Percentuale di utenti per punteggio
Percentile per numero di risposta
I tuoi punteggi nel tempo
Non hai fatto questo quiz